Jedi Ranks - Statistics

General Stats
  • This quiz has been taken 1,915 times
  • The average score is 5 of 26
Answer Stats
Answer % Correct
Jedi Master
98%
Jedi Padawan
95%
Jedi Knight
83%
Jedi Initiate
68%
Grand Master
66%
Jedi General
20%
Jedi Guardian
19%
Jedi Sentinel
15%
Jedi Commander
14%
Jedi Consular
14%
Jedi Healer
8%
Jedi Lord
7%
Master of the Order
7%
Jedi Diplomat
4%
Jedi Shadow
4%
Jedi Ace
3%
Jedi Ambassador
3%
Jedi Watchman
3%
Jedi Weapon Master
3%
Jedi Investigator
2%
Jedi Researcher
2%
Jedi Seer
2%
Jedi Lore Keeper
1%
Lightsaber Instructor
1%
Sage Master
1%
Warrior Master
1%
No matching quizzes found
Score Distribution
Percent of People with Each Score
Percentile by Number Answered
Your Score History
You have not taken this quiz